Guatemala immigration by Country - Statistics

General Stats
  • This quiz has been taken 78 times
  • The average score is 17 of 20
Answer Stats
# People Country of Origin % Correct
9,200 United States
98%
18,420 Mexico
97%
1,300 Costa Rica
95%
20,480 El Salvador
95%
550 Brazil
94%
8,800 Honduras
94%
8,800 Nicaragua
94%
595 Argentina
92%
450 Canada
92%
1,320 Colombia
92%
800 Cuba
92%
360 Venezuela
92%
940 Belize
91%
540 Peru
89%
1,460 Spain
89%
350 Chile
86%
740 China
78%
840 Germany
66%
420 Italy
65%
1,940 South Korea
31%
No matching quizzes found
Score Distribution
Percent of People with Each Score
Percentile by Number Answered
Your Score History
You have not taken this quiz